| 000 | 00569nam a2200181Ia 4500 | ||
|---|---|---|---|
| 999 |
_c22176 _d22176 |
||
| 003 | OSt | ||
| 005 | 20260310105318.0 | ||
| 008 | 190216s9999||||xx |||||||||||||| ||und|| | ||
| 040 | _coclc | ||
| 082 |
_a956 _bMUH/A |
||
| 100 |
_aMuhammed, T Jamal _91877 |
||
| 245 | 0 |
_aArabikalude Charitram / _c T Jamal Muhammed |
|
| 250 | _a5th ed. | ||
| 260 |
_bKerala Bhasha Institute, _c2001. _aThrivananthapuram: |
||
| 300 | _a408p | ||
| 650 | 0 |
_xIslamic History _92271 _aHistory & geography _vIslamic History |
|
| 942 |
_cBK _2ddc _h956 _iMUH/A _k956 _mMUH/A |
||